[Event "Joacaba op 2nd"]
[Site "Joacaba"]
[Date "2023.07.01"]
[Round "3"]
[White "Emmerich, Maria Isabel"]
[Black "Da Silva, Eduardo Buco"]
[Result "1-0"]
[WhiteElo "1658"]
[BlackElo "1800"]
[PlyCount "93"]
[EventDate "2023.06.30"]
[EventType "swiss"]
[EventRounds "6"]
[EventCountry "BRA"]
[SourceTitle "CBM 215 Extra"]
[Source "ChessBase"]
[SourceDate "2023.09.30"]
[SourceVersion "1"]
[SourceVersionDate "2023.09.30"]
[SourceQuality "1"]

1. e4 e5 2. Nf3 Nc6 3. Nc3 Nf6 4. Bc4 Bc5 5. 0-0 d6 6. h3 0-0 7. d3 Be6 8. Bb3 Bxb3 9. axb3 Nb4 10. Bg5 h6 11. Bh4 g5 12. Bg3 h5 13. Nxg5 Nh7 14. Nxh7 Kxh7 15. Qxh5+ Kg8 16. Qg4+ Kh8 17. Bh4 Rg8 18. Qh5+ Kg7 19. Bxd8 Rgxd8 20. Nd5 Nxc2 21. Nxc7 Rac8 22. Qg5+ Kh8 23. Qf6+ Kh7 24. Qxf7+ Kh8 25. Rxa7 Bxa7 26. Ne6 Rg8 27. Qxb7 Ra8 28. Nc7 Rgb8 29. Qd5 Nb4 30. Qxd6 Rd8 31. Qxe5+ Kg8 32. Qe6+ Kf8 33. Qc4 Rab8 34. Ne6+ Ke7 35. Qc7+ Ke8 36. Nxd8 Rxd8 37. Qxa7 Nc6 38. Qa4 Rd4 39. Qxc6+ Rd7 40. Qc8+ Rd8 41. Qe6+ Kf8 42. Qf6+ Kg8 43. Qxd8+ Kh7 44. Rc1 Kh6 45. Rc6+ Kh5 46. Qd5+ Kh4 47. Rh6# 1-0

[Event "Florianopolis op 9th"]
[Site "Florianopolis"]
[Date "2023.01.24"]
[Round "2"]
[White "Emmerich, Maria Isabel"]
[Black "Oliveira, Sara Beatris Silva"]
[Result "0-1"]
[WhiteElo "1800"]
[BlackElo "1535"]
[PlyCount "40"]
[EventDate "2023.01.23"]
[EventType "swiss"]
[EventRounds "10"]
[EventCountry "BRA"]
[SourceTitle "CBM 212 Extra"]
[Source "ChessBase"]
[SourceDate "2023.03.31"]
[SourceVersion "1"]
[SourceVersionDate "2023.03.31"]
[SourceQuality "1"]

1. e4 c5 2. Nf3 Nc6 3. Nc3 g6 4. d3 Bg7 5. Bd2 d6 6. Be2 Nf6 7. 0-0 0-0 8. Be3 Ng4 9. Qc1 Nxe3 10. Qxe3 a6 11. Nd5 e6 12. Nf4 Bxb2 13. Rab1 Bg7 14. Ng5 Qxg5 15. c3 Bxc3 16. Rfc1 Bd4 17. Qh3 Qxf4 18. g3 Qxf2+ 19. Kh1 Qxe2 20. Qh6 Qf3# 0-1